Normal view
MARC view
- حقوق الانسان -- مؤتمرات
Entry Topical Term
001 - CONTROL NUMBER
- control field: 47087
003 - CONTROL NUMBER IDENTIFIER
- control field: JO-AjAnu
005 - DATE AND TIME OF LATEST TRANSACTION
- control field: 20230606081757.0
008 - FIXED-LENGTH DATA ELEMENTS
- fixed length control field: 230606|| aca||aabn | a|a d
040 ## - CATALOGING SOURCE
- Original cataloging agency: JO-AjAnu
- Transcribing agency: JO-AjAnu
150 ## - HEADING--TOPICAL TERM
- Topical term or geographic name entry element: حقوق الانسان -- مؤتمرات
670 ## - SOURCE DATA FOUND
- Source citation: Work cat.: (JO-AjAnu)24098: السعيد ، كامل وآخرون ، حرب ،ابراهيم ، حمدان ،حسين, author 47086, اعمال المؤتمر العلمي الأول لحقوق الإنسان بمناسبة مرور واحد وخمسين عاما على صدور الإعلان العالمي لحقوق الإنسان